书目信息 |
| 题名: |
果树栽培技术问答
|
|
| 作者: | 于绍夫 , 张克俊 编著 | |
| 分册: | ||
| 出版信息: | 济南 山东科学技术出版社 1986.04 |
|
| 页数: | 405页 | |
| 开本: | 19cm | |
| 丛书名: | ||
| 单 册: | ||
| 中图分类: | S66 | |
| 科图分类: | ||
| 主题词: | 果树园艺 | |
| 电子资源: | ||
| ISBN: | 7-5331-0110-3 | |
| 000 | 00635nam0 2200205 450 | |
| 001 | 0837948298 | |
| 005 | 20081006103408.04 | |
| 010 | @a7-5331-0110-3@dCNY3.80 | |
| 100 | @a20081006d1986 km y0chiy0120 ea | |
| 101 | 0 | @achi |
| 102 | @aCN@b370000 | |
| 200 | 1 | @a果树栽培技术问答@Aguo shu zai pei ji shu wen da@f于绍夫,张克俊编著@Fyu shao fu,zhang ke jun bian zhu |
| 210 | @a济南@c山东科学技术出版社@d1986.04 | |
| 215 | @a405页@d19cm | |
| 606 | 0 | @a果树园艺 |
| 690 | @aS66@v4 | |
| 701 | 0 | @a于绍夫@Ayu shao fu@4编著 |
| 701 | 0 | @a张克俊@Azhang ke jun@4编著 |
| 801 | 0 | @aCN@b大连网信软件有限公司图书馆·11@c20081006 |
| 905 | @aBZT@dS66@e11 | |
| 果树栽培技术问答/于绍夫,张克俊编著.-济南:山东科学技术出版社,1986.04 |
| 405页;19cm |
| ISBN 7-5331-0110-3:CNY3.80 |
| ● |
| 相关链接 |
|
|
|
正题名:果树栽培技术问答
索取号:S66/11
 
预约/预借
| 序号 | 登录号 | 条形码 | 馆藏地/架位号 | 状态 | 备注 |
| 1 | 003174 | 201258227 | 中心书库中库/ 中库032架B面7列5层48/ [索取号:S66/11] | 在馆 | |
| 2 | 003175 | 201258218 | 中心书库中库/ 中库032架B面7列5层49/ [索取号:S66/11] | 在馆 | |
| 3 | 003176 | 201258236 | 中心书库中库/ 中库032架B面7列5层50/ [索取号:S66/11] | 在馆 |